00437nam a2200169Ia 4500008004100000041001200041082001200053100001700065245004200082365000800124520001300132546001200145630004200157650001300199655001300212730004200225101110s9999 xx 000 0 und d aENGLISH bSR22715 aPardesi P.C. aPrinciples of Management (T.Y.B.Com.) b100 aCommerce aENGLISH aPrinciples of Management (T.Y.B.Com.) aCommerce aCommerce aPrinciples of Management (T.Y.B.Com.)